| 000 | 02429nam0a2200445 i 4500 | ||
|---|---|---|---|
| 001 | RU\NLR\BIBL_A\010876572 | ||
| 005 | 20241102210436.0 | ||
| 010 |
_a9785431203602 _9100 |
||
| 021 |
_aRU _b2015-75903 _94579 |
||
| 035 | _a(NLR Aleph) 010876572 | ||
| 090 |
_a10483647 _c10483647 |
||
| 100 | _a20151028d2015 u y0rusy50 ca | ||
| 101 | 0 |
_arus _ager |
|
| 102 | _aRU | ||
| 105 | _ay|||e|||001yy | ||
| 200 | 1 |
_aАзбука цветов или немецко-русский этимологический словарь названий цветов _dDas Blumen-ABC oder deutsch-russisches etymologisches Wörterbuch der botanischen Pflanzennamen _fГ. Я. Спиридонова _gМ-во образования и науки Рос. Федерации, ФГБОУ ВПО "Удмурт. гос. ун-т", Ин-т иностр. яз. и лит. _zger |
|
| 210 |
_aИжевск _cУдмуртский университет _d2015 |
||
| 215 |
_a301 с. _d20 |
||
| 300 | _aОбл. на нем. яз. | ||
| 300 | _aАвт. также на нем. яз.: G. J. Spiridonova | ||
| 320 | _aБиблиогр.: с. 280-295 | ||
| 320 | _aУказатели: с. 296-301 | ||
| 510 | 1 |
_6z22790 _aDas Blumen-ABC oder deutsch-russisches etymologisches Wörterbuch der botanischen Pflanzennamen _zger |
|
| 606 | 1 |
_aНемецкий язык _xТерминология ботаническая _xСловари _xРусский язык _92264130 _3RU\NLR\AUTH\6601586989 |
|
| 606 | 1 |
_aНемецкий язык _xТерминология ботаническая _xСловари _xЛатинский язык _92264133 _3RU\NLR\AUTH\6601586990 |
|
| 606 |
_aНемецкий язык _xЭтимологические словари _91696678 _3RU\NLR\AUTH\66754837 |
||
| 606 | 1 |
_aРастения _jТерминологические словари _9919539 _3RU\NLR\AUTH\6617860 |
|
| 675 | _a811.112.2 | ||
| 686 | 1 | _aШ143.24-434.1 | |
| 686 | 1 | _aШ141.12-434.2 | |
| 686 | 1 | _aШ146.16-434.2 | |
| 686 | 1 | _aШ143.24-402 | |
| 686 | 1 | _aЕ5я212 | |
| 700 | 1 |
_7ca _8rus _aСпиридонова _bГ. Я. _cфилолог _f1944- _gГалина Яковлевна _9151513 _3RU\NLR\AUTH\770151551 |
|
| 790 | 1 |
_7ba _8rus _aSpiridonova _bG. J. _cфилолог _f1944- _gGalina Jakovlevna _9151515 _3RU\NLR\AUTH\770151553 |
|
| 942 | _cBOOK | ||
| 980 | _aNBR | ||